| 000 | 00754nam a2200205 a 4500 | ||
|---|---|---|---|
| 008 | 120416s1997 ||||||||||||||||| || u | ||
| 020 | _a0821339087 | ||
| 050 | _aIBRD(08)TP | ||
| 100 | _aSalman, Salman M. A | ||
| 245 | 1 | 4 |
_aThe legal framework for water users' associations: a comparative study _cBy Salman M.A. Salman |
| 260 |
_aWashington, D. C. _bWorld Bank _c1997 |
||
| 300 | _aix, 100p. : ill. | ||
| 350 | _a0.00 | ||
| 490 | _aWorld Bank Technical Papers | ||
| 650 | _aIrrigation districts | ||
| 650 | _aIrrigation laws | ||
| 650 | _aIrrigation - Management | ||
| 710 | _aWorld Bank | ||
| 995 |
_D0.00 _FCBU-MAIN LIBRARY (Kitwe) _H1 _I0.00 _M1 _UAVAILABLE _ZInternational Publications |
||
| 999 |
_c49082 _d49082 |
||